Normal view
MARC view
- اليمن - تاريخ - عصر الائمة
Entry Topical Term
001 - CONTROL NUMBER
- control field: 58342
003 - CONTROL NUMBER IDENTIFIER
- control field: JO-AjAnu
005 - DATE AND TIME OF LATEST TRANSACTION
- control field: 20230606083540.0
008 - FIXED-LENGTH DATA ELEMENTS
- fixed length control field: 230606|| aca||aabn | a|a d
040 ## - CATALOGING SOURCE
- Original cataloging agency: JO-AjAnu
- Transcribing agency: JO-AjAnu
150 ## - HEADING--TOPICAL TERM
- Topical term or geographic name entry element: اليمن - تاريخ - عصر الائمة
670 ## - SOURCE DATA FOUND
- Source citation: Work cat.: (JO-AjAnu)29762: تأليف مطهر، عبدالكريم بن احمد 1366 هجري - 1947 ميلادي ؛ دراسة وتحقيق محمد عيسى صالحية, author 58341, سيرة الامام يحيى بن محمد حميد الدين المسماة كتيبة الحكمة من سيرة امام الامة، ج2